La iglesia como esperanza en Colombia : (Registro nro. 52438)
[ vista simple ]
| 000 -LÍDER | |
|---|---|
| Campo fijo de descripción fija | 01109aab a2200193 i 4500 |
| 001 - NÚMERO DE CONTROL | |
| Campo de control | 768714001 |
| 003 - IDENTIFICADOR DEL NÚMERO DE CONTROL | |
| Campo de control | CO-MdFUSB |
| 005 - FECHA Y HORA DE LA ULTIMA TRANSACCIÓN | |
| control field | 20240314152656.0 |
| 008 - ELEMENTOS DE LONGITUD FIJA -- INFORMACIÓN GENERAL | |
| Campo fijo de descripción fija -- Información general | 240314t2000 ck a|||| |||| 00| 0 spa d |
| 040 ## - FUENTE DE CATALOGACIÓN | |
| Idioma de catalogación | spa |
| Agencia que realiza la transcripción | CO-MdFUSB |
| 041 ## - CÓDIGO DE IDIOMA | |
| Código de idioma para texto/pista de sonido o título separado | spa |
| 100 1# - ASIENTO PRINCIPAL--NOMBRE PERSONAL | |
| Nombre personal | Stucky, Pedro |
| Término relacionador | autor |
| 245 10 - TÍTULO | |
| Título | La iglesia como esperanza en Colombia : |
| Subtitulo | cinco lecciones desde el exilio |
| Mención de responsabilidad | / Pedro Stucky |
| 300 ## - DESCRIPCIÓN FÍSICA | |
| Extensión | Volumen 19, número 1 y 2 (enero - junio, 2000), páginas: 48 - 53 |
| Dimensiones | ; 27 cm |
| 520 ## - NOTA DE RESUMEN, ETC. | |
| Nota de sumario, etc. | Como cristianos que queremos hacer suyo el proyecto de Dios, de su reino de justicia y paz, somos exiliados espirituales: personas que voluntaria y conscientemente nos hemos separado de un sistema.<br/>Cinco lecciones que se derivan del exilio judio y que nutren la esperanza: la adoración, la construcción de la sociedad, la prioridad de la pequeña comunidad, el siervo sufriente como instrumento de salvación, la esperanza critica y radical. |
| 653 ## - TÉRMINO DE INDIZACIÓN - NO CONTROLADO | |
| Término no controlado | Eclesiología |
| 773 0# - ASIENTO DE ITEM FUENTE | |
| Título | Iglesia y Misión |
| Biblionumber | 49402 |
| Itemnumber | 59629 |
| Parte(s) relacionada(s) / Volumen., número. (mes año), páginas | Volumen 19, número 1 y 2 (enero - junio, 2000), páginas: 48 - 53 |
| Enumeración y primera página | páginas: 48 |
| 942 ## - TIPO DE MATERIAL (KOHA) | |
| Tipo de Item KOHA | Artículos de Revista |
No hay ítems disponibles.
